|
|
|
|
| LEADER |
01889cas a2200265 a 4500 |
| 001 |
AALejournalIMF000299 |
| 008 |
230101c9999 xx r poo 0 0eng d |
| 020 |
|
|
|c 5.00 USD
|
| 020 |
|
|
|z 9781451928778
|
| 022 |
|
|
|a 1018-5941
|
| 040 |
|
|
|a BD-DhAAL
|c BD-DhAAL
|
| 100 |
1 |
|
|a Symansky, Steven.
|
| 245 |
1 |
0 |
|a Government Debt, Life-Cycle Income and Liquidity Constrains :
|b Beyond Approximate Ricardian Equivalence /
|c Steven Symansky, Douglas Laxton, Hamid Faruqee.
|
| 264 |
|
1 |
|a Washington, D.C. :
|b International Monetary Fund,
|c 1996.
|
| 300 |
|
|
|a 1 online resource (30 pages)
|
| 490 |
1 |
|
|a IMF Working Papers
|
| 500 |
|
|
|a <strong>Off-Campus Access:</strong> No User ID or Password Required
|
| 500 |
|
|
|a <strong>On-Campus Access:</strong> No User ID or Password Required
|
| 506 |
|
|
|a Electronic access restricted to authorized BRAC University faculty, staff and students
|
| 520 |
3 |
|
|a Evans (1991) has demonstrated that Blanchard's (1985) finite-horizon model obeys approximate Ricardian equivalence. We show that this result is determined largely by an unrealistic assumption that labor income grows monotonically over a consumer's entire lifetime. Introducing more realistic lifetime earnings profiles, we find that the effects of government debt on the real interest rate and the capital stock become considerably larger. In particular, leaving aside the effects of distortionary capital taxation, the extended model with liquidity constraints predicts that real interest rates would decline by about 150-200 basis points if government debt were eliminated completely in all OECD countries.
|
| 538 |
|
|
|a Mode of access: Internet
|
| 700 |
1 |
|
|a Faruqee, Hamid.
|
| 700 |
1 |
|
|a Laxton, Douglas.
|
| 830 |
|
0 |
|a IMF Working Papers; Working Paper ;
|v No. 1996/140
|
| 856 |
4 |
0 |
|z Full text available on IMF
|u http://elibrary.imf.org/view/journals/001/1996/140/001.1996.issue-140-en.xml
|z IMF e-Library
|